Biggest cities by language A-Z (Japanese) - Statistics

General Stats
  • This quiz has been taken 14 times
  • The average score is 16 of 22
Answer Stats
Population Region Hint Answer % Correct
F 1.6 million Kyūshū famous for its open-air food stalls (Yatai) and Hakata Ramen, characterized by its rich, creamy pork bone broth Fukuoka
100%
H 1.2 million Chūgoku home to the Atomic Bomb Dome and the floating torii gate of nearby Miyajima Island Hiroshima
100%
N 2.3 million Chūbu heart of Japan's automotive industry (Toyota); its castle is famous for its Golden Shachihoko (mythical tiger-headed carps) Nagoya
100%
O 2.8 million Kansai known as the "Nation’s Kitchen," it is the spiritual home of street foods like Takoyaki Osaka
100%
S 2 million Hokkaido famous for its annual Snow Festival, its eponymous brewery, and for hosting the first Winter Olympics in Asia (1972) Sapporo
100%
T 14.3 million Kantō formerly known as Edo, and home to the iconic Shibuya Crossing Tokyo
100%
Y 3.8 million Kantō Japan’s first port to open to foreign trade, it is home to one of the world’s largest Chinatowns Yokohama
100%
C 985,000 Kantō home to the Makuhari Messe convention center and the world's longest suspended monorail system Chiba
85%
K 1.5 million Kantō famous for the Kanamara Matsuri (the “Steel Phallus Festival”) and the Doraemon museum Kawasaki
85%
M 505,000 Shikoku it is home to Dogo Onsen, one of Japan’s oldest hot spring bathhouses and a primary inspiration for the film Spirited Away Matsuyama
85%
W 351,000 Kansai coastal city famous for its Kishu Plums (Umeboshi) and its unique style of ramen Wakayama
77%
B 113,000 Kyūshū undisputed hot spring capital, famous for its Eight Hells (Jigoku) - spectacular, colorful volcanic ponds Beppu
69%
E 141,000 Kantō best known to travelers for the Ebina Service Area, Japan’s most famous highway rest stop Ebina
69%
U 515,000 Kantō undisputed Gyoza (dumpling) capital of Japan, where the city features a famous stone statue shaped like a giant dumpling Utsunomiya
69%
G 400,000 Chūbu important to the unifier Oda Nobunaga; it is famous for Ukai, the 1,300-year-old tradition of fishing with cormorant birds on the Nagara River Gifu
62%
J 189,000 Chūbu historic base of the powerful warlord Uesugi Kenshin and the place where skiing was first introduced to Japan by an Austrian officer Jōetsu
54%
A 456,000 Kansai former castle town and is famous for its historic Tera Machi (Temple District) Amagasaki
38%
R 75,000 Kantō name means “Dragon Cape” and it is the home of Ushiku Pond, a famous spot for eel-based local cuisine Ryūgasaki
38%
Z 131,000 Kantō home to a major US Army base and world-famous for its massive Sunflower Festivals Zama
38%
D 118,000 Kansai famous for the Nozaki Kannon temple and its lively Nozaki-mairi spring festival Daitō
31%
I 493,000 Kantō city in Chiba Prefecture Ichikawa
31%
P 3,400 Hokkaido became a national sensation due to a humorous 1980s TV commercial for “Pip Elekiban” (magnetic therapy patches) Pippu
31%
No matching quizzes found
Score Distribution
Percent of People with Each Score
Percentile by Number Answered
Your Score History
You have not taken this quiz